Countries with multiple capitals - Statistics

General Stats
  • This quiz has been taken 76 times
    59 since last reset
  • The average score is 9 of 13
Answer Stats
Country % Correct
Bolivia
95%
La Paz
93%
South Africa
93%
Sucre
91%
Pretoria
80%
Cape Town
78%
Bloemfontein
67%
Sri Lanka
49%
Benin
45%
Colombo
44%
Sri J. Kotte
44%
Porto-Novo
42%
Cotonou
36%
No matching quizzes found
Score Distribution
Percent of People with Each Score
Percentile by Number Answered
Your Score History
You have not taken this quiz since the last reset